[Event "Ljubljana-chT 67th Superliga"]
[Site "Ljubljana"]
[Date "2014.01.16"]
[Round "2.4"]
[White "Nadvesnik, Maja"]
[Black "Milicevic, David"]
[Result "1-0"]
[WhiteElo "1768"]
[BlackElo "1574"]
[PlyCount "87"]
[EventDate "2014.01.09"]
[EventType "team-tourn"]
[EventRounds "9"]
[EventCountry "SLO"]
[SourceTitle "EXT 2022"]
[Source "ChessBase"]
[SourceDate "2021.10.06"]
[SourceVersion "1"]
[SourceVersionDate "2021.10.06"]
[SourceQuality "1"]
[WhiteTeam "Domzale SD"]
[BlackTeam "Komenda Pogi"]
[WhiteTeamCountry "SLO"]
[BlackTeamCountry "SLO"]

1. e4 c6 2. d4 d5 3. exd5 cxd5 4. c3 Bf5 5. Nf3 e6 6. Qb3 Qc7 7. Be2 Bd6 8. 0-0 Nc6 9. Nbd2 Nf6 10. Re1 0-0 11. Bb5 a6 12. Be2 Na5 13. Qd1 b5 14. Nf1 Nc4 15. Ng3 Bg6 16. Bd3 Bxd3 17. Qxd3 h6 18. Nd2 Rfe8 19. Qf3 Nxd2 20. Bxd2 Bxg3 21. hxg3 Qe7 22. a3 Ne4 23. Bf4 Qf6 24. Qe3 Qf5 25. f3 Nf6 26. g4 Qg6 27. Rad1 Rac8 28. Kf2 Nd7 29. Rh1 Nb6 30. Qc1 a5 31. g5 h5 32. Rh4 b4 33. axb4 axb4 34. Rdh1 f5 35. gxf6 Qxf6 36. Rxh5 bxc3 37. bxc3 Na4 38. Be5 Qg6 39. Rg5 Qf7 40. Bxg7 Rxc3 41. Bh6+ Kh8 42. Bf8+ Qh7 43. Rxh7+ Kxh7 44. Qh1# 1-0

[Event "SLO-chT (Women)"]
[Site "Murska Sobota"]
[Date "2012.04.19"]
[Round "4"]
[White "Unuk, Laura"]
[Black "Nadvesnik, Maja"]
[Result "1-0"]
[WhiteElo "1854"]
[BlackElo "1786"]
[PlyCount "123"]
[EventDate "2012.04.13"]
[EventType "team-tourn"]
[EventRounds "7"]
[EventCountry "SLO"]
[SourceTitle "EXT 2022"]
[Source "ChessBase"]
[SourceDate "2021.10.06"]
[SourceVersion "1"]
[SourceVersionDate "2021.10.06"]
[SourceQuality "1"]
[WhiteTeam "Komenda SK (W)"]
[BlackTeam "Domzale (W)"]
[WhiteTeamCountry "SLO"]
[BlackTeamCountry "SLO"]

1. d4 Nf6 2. c4 c5 3. d5 e6 4. Nf3 exd5 5. cxd5 d6 6. Nc3 g6 7. Bg5 h6 8. Bh4 Bg7 9. e3 0-0 10. Nd2 Nbd7 11. Be2 Re8 12. 0-0 a6 13. a4 Qc7 14. Bg3 Ne5 15. a5 b6 16. Bxe5 dxe5 17. axb6 Qxb6 18. Nc4 Qd8 19. e4 a5 20. Qc2 Nh5 21. Bxh5 gxh5 22. Na4 Ra6 23. Nxc5 Rg6 24. Kh1 h4 25. f3 Rg5 26. Nxa5 f5 27. Nc6 Qb6 28. Rac1 f4 29. Qb3 Qxb3 30. Nxb3 h3 31. Rf2 hxg2+ 32. Rxg2 Bh3 33. Rxg5 hxg5 34. Kg1 Kf7 35. Nc5 Bf6 36. Nd3 Bd7 37. b4 g4 38. Kg2 Kg6 39. b5 Kh5 40. Nf2 gxf3+ 41. Kxf3 Ra8 42. Rc3 Ra2 43. Nb4 Rd2 44. Rc2 Rxc2 45. Nxc2 Bxb5 46. Nb4 Be7 47. Nc6 Bd6 48. Nd1 Kh4 49. Nf2 Ba6 50. Nd8 Bc5 51. Nf7 Bd4 52. Ng4 Be2+ 53. Kxe2 Kxg4 54. h3+ Kg3 55. Ng5 Bc5 56. Nf3 Bd4 57. d6 Bc5 58. d7 Be7 59. Nxe5 Bd8 60. Nc6 f3+ 61. Kf1 Bb6 62. e5 1-0

[Event "SLO-chT (Women)"]
[Site "Murska Sobota"]
[Date "2012.04.14"]
[Round "2"]
[White "Kolaric, Spela"]
[Black "Nadvesnik, Maja"]
[Result "1-0"]
[WhiteElo "2077"]
[BlackElo "1786"]
[PlyCount "77"]
[EventDate "2012.04.13"]
[EventType "team-tourn"]
[EventRounds "7"]
[EventCountry "SLO"]
[SourceTitle "EXT 2022"]
[Source "ChessBase"]
[SourceDate "2021.10.06"]
[SourceVersion "1"]
[SourceVersionDate "2021.10.06"]
[SourceQuality "1"]
[WhiteTeam "Kocevje (W)"]
[BlackTeam "Domzale (W)"]
[WhiteTeamCountry "SLO"]
[BlackTeamCountry "SLO"]

1. d4 Nf6 2. c4 c5 3. Nf3 e6 4. Nc3 cxd4 5. Nxd4 Nc6 6. Ndb5 Bb4 7. Bf4 e5 8. Bg5 0-0 9. a3 Bc5 10. e3 h6 11. Bxf6 Qxf6 12. Ne4 Qe7 13. Nc7 d6 14. Nxa8 Bf5 15. Bd3 Bxe4 16. Bxe4 Rxa8 17. 0-0 Rf8 18. Qf3 Nd8 19. b4 Bb6 20. Rad1 a6 21. Rd2 Ba7 22. Rfd1 Bb8 23. Qh3 Ne6 24. Bd5 Kh8 25. Bxe6 fxe6 26. e4 Rf4 27. Qe3 Rf8 28. Qb6 Rc8 29. c5 Rc6 30. cxd6 Bxd6 31. Qe3 b5 32. g3 Qc7 33. Kg2 Kh7 34. Qb3 Bf8 35. Rd7 Qb6 36. Qf3 Rc8 37. Rf7 Qb8 38. Rdd7 Re8 39. Qg4 1-0

[Event "SLO-chT (Women)"]
[Site "Murska Sobota"]
[Date "2012.04.13"]
[Round "1"]
[White "Nadvesnik, Maja"]
[Black "Kejzar, Petra"]
[Result "1-0"]
[WhiteElo "1786"]
[BlackElo "1721"]
[PlyCount "47"]
[EventDate "2012.04.13"]
[EventType "team-tourn"]
[EventRounds "7"]
[EventCountry "SLO"]
[SourceTitle "EXT 2022"]
[Source "ChessBase"]
[SourceDate "2021.10.06"]
[SourceVersion "1"]
[SourceVersionDate "2021.10.06"]
[SourceQuality "1"]
[WhiteTeam "Domzale (W)"]
[BlackTeam "Kranj Tomo Zupan (W)"]
[WhiteTeamCountry "SLO"]
[BlackTeamCountry "SLO"]

1. e4 c5 2. f4 d6 3. Nf3 Nc6 4. Bb5 g6 5. 0-0 Bg7 6. c3 Nf6 7. e5 dxe5 8. fxe5 Ng4 9. d4 0-0 10. h3 Nh6 11. Bxc6 bxc6 12. dxc5 Qc7 13. Bf4 Ba6 14. Rf2 Rfd8 15. Qe1 Rd5 16. b4 Rad8 17. Nbd2 Qc8 18. Nd4 Nf5 19. N2f3 Bc4 20. e6 Nxd4 21. exf7+ Kf8 22. Nxd4 e5 23. Bg5 R8d7 24. Ne6# 1-0

[Event "SLO-ch (Women)"]
[Site "Ljubljana"]
[Date "2011.08.09"]
[Round "4"]
[White "Rozic, Vesna"]
[Black "Nadvesnik, Maja"]
[Result "1-0"]
[WhiteElo "2310"]
[BlackElo "1805"]
[PlyCount "139"]
[EventDate "2011.08.06"]
[EventType "swiss"]
[EventRounds "9"]
[EventCountry "SLO"]
[SourceTitle "CBM 143 Extra"]
[Source "ChessBase"]
[SourceDate "2011.08.29"]
[SourceVersion "1"]
[SourceVersionDate "2011.08.29"]
[SourceQuality "1"]

1. d4 d6 2. c4 g6 3. g3 Bg7 4. Bg2 Nf6 5. Nf3 0-0 6. 0-0 c5 7. Nc3 Na6 8. Re1 Nc7 9. h3 Rb8 10. dxc5 dxc5 11. Bf4 Bd7 12. e4 Qc8 13. Kh2 Nh5 14. Be3 Ne6 15. Nd5 Re8 16. e5 Bh8 17. g4 Nhg7 18. Bh6 b5 19. b3 bxc4 20. bxc4 Nc7 21. Ng5 Nge6 22. Qf3 Nxg5 23. Bxg5 Nxd5 24. cxd5 Bg7 25. Bf4 Rb2 26. Re2 Rxe2 27. Qxe2 Qc7 28. Qe4 Qa5 29. Bg3 Rc8 30. Bf1 Qd2 31. Bc4 f5 32. d6+ Kf8 33. Qb7 Rd8 34. dxe7+ Kxe7 35. Bb3 Bxe5 36. Bxe5 Qxf2+ 37. Qg2 Qxg2+ 38. Kxg2 fxg4 39. h4 h5 40. Rf1 Bf5 41. Re1 Rd2+ 42. Kg3 Kd7 43. Bf6 Kc6 44. Re8 Rd3+ 45. Kf2 Rf3+ 46. Kg2 Bd3 47. Re6+ Kb5 48. Bd5 Rf5 49. Bb7 Kb4 50. Be7 Rf7 51. Re5 Kb5 52. Bc8 Kc6 53. Bxc5 a6 54. Be6 Rf4 55. Be7 Be4+ 56. Kg1 Bf3 57. Bb3 Kd7 58. Bg5 Re4 59. Rd5+ Kc6 60. Rd2 Re5 61. Kf2 a5 62. Bf4 Rf5 63. Kg3 Rf6 64. Rd8 Be4 65. Rg8 Bb1 66. Rc8+ Kb5 67. Rb8+ Kc5 68. Bg8 Be4 69. Be3+ Kd6 70. Rb6+ 1-0

[Event "SLO-ch (Women)"]
[Site "Ljubljana"]
[Date "2011.08.07"]
[Round "2"]
[White "Nadvesnik, Maja"]
[Black "Unuk, Laura"]
[Result "1/2-1/2"]
[WhiteElo "1805"]
[BlackElo "1762"]
[PlyCount "120"]
[EventDate "2011.08.06"]
[EventType "swiss"]
[EventRounds "9"]
[EventCountry "SLO"]
[SourceTitle "CBM 143 Extra"]
[Source "ChessBase"]
[SourceDate "2011.08.29"]
[SourceVersion "1"]
[SourceVersionDate "2011.08.29"]
[SourceQuality "1"]

1. e4 d5 2. exd5 Nf6 3. d4 Bg4 4. Be2 Bxe2 5. Qxe2 Qxd5 6. Nf3 Nc6 7. c4 Qf5 8. 0-0 0-0-0 9. d5 Nb4 10. a3 Nd3 11. Be3 Nf4 12. Bxf4 Qxf4 13. Nc3 g5 14. Qe5 Rg8 15. Qxf4 gxf4 16. Ne5 Rg7 17. Nd3 Nh5 18. Rfe1 Rd6 19. Re5 Nf6 20. Nb5 Ra6 21. Rf5 Ne4 22. Rxf4 Ng5 23. Kf1 f6 24. h4 Nf7 25. Re1 c6 26. dxc6 bxc6 27. Nb4 Rb6 28. Nxa7+ Kb7 29. Naxc6 Rxc6 30. Nxc6 Kxc6 31. b4 Rg8 32. f3 Ne5 33. Rd4 Bh6 34. Kf2 Ra8 35. Ra1 Bg7 36. Rd5 Bh6 37. a4 e6 38. b5+ Kc7 39. Rc5+ Kb6 40. Rxe5 fxe5 41. Ke2 Ra5 42. Kd3 Bg7 43. Ra2 Kc5 44. g4 Ra8 45. a5 Rd8+ 46. Ke3 Bf8 47. Ra4 Rd4 48. h5 h6 49. a6 Rxc4 50. Rxc4+ Kxc4 51. Ke4 Bc5 52. Kxe5 Kxb5 53. Kxe6 Kxa6 54. Kf5 Kb7 55. f4 Kc7 56. g5 hxg5 57. fxg5 Kd7 58. Kf6 Be7+ 59. Kg6 Bxg5 60. Kxg5 Ke7 1/2-1/2

[Event "SLO-chT qual 1st League (Women)"]
[Site "Ljubljana"]
[Date "2010.12.11"]
[Round "2.1"]
[White "Nadvesnik, Maja"]
[Black "Groselj, Petra"]
[Result "0-1"]
[WhiteElo "1818"]
[BlackElo "2179"]
[PlyCount "72"]
[EventDate "2010.12.10"]
[EventType "team-match"]
[EventRounds "2"]
[EventCountry "SLO"]
[SourceTitle "EXT 2019"]
[Source "ChessBase"]
[SourceDate "2018.10.10"]
[SourceVersion "1"]
[SourceVersionDate "2018.10.10"]
[SourceQuality "1"]
[WhiteTeam "Komenda (W)"]
[BlackTeam "Domzale (W)"]
[WhiteTeamCountry "SLO"]
[BlackTeamCountry "SLO"]

1. e4 c5 2. Nf3 Nc6 3. d4 cxd4 4. Nxd4 e5 5. Nb5 d6 6. N1c3 a6 7. Na3 b5 8. Nd5 Nce7 9. c4 Nxd5 10. Qxd5 Be6 11. Qd3 b4 12. Nc2 Rb8 13. Be2 Nf6 14. 0-0 Be7 15. b3 0-0 16. Ne3 Nd7 17. Nd5 Nc5 18. Qe3 f5 19. exf5 Bxf5 20. Bb2 Bg5 21. f4 exf4 22. Qd4 Ne6 23. Qd1 Qd7 24. Bg4 Nc5 25. Nxf4 Bxg4 26. Qd5+ Ne6 27. Nxe6 Be3+ 28. Kh1 Bxe6 29. Qe4 Bc5 30. Rfe1 Rbe8 31. Qd3 d5 32. h3 dxc4 33. Qxd7 Bxd7 34. bxc4 Rxe1+ 35. Rxe1 Rf2 36. Be5 Bc6 0-1

[Event "SLO-chT Central Superliga 11th"]
[Site "Slovenia"]
[Date "2010.10.14"]
[Round "5.4"]
[White "Piber, Vinko"]
[Black "Nadvesnik, Maja"]
[Result "1-0"]
[WhiteElo "1862"]
[BlackElo "1825"]
[PlyCount "57"]
[EventDate "2010.09.09"]
[EventType "team-tourn"]
[EventRounds "9"]
[EventCountry "SLO"]
[SourceTitle "EXT 2022"]
[Source "ChessBase"]
[SourceDate "2021.10.06"]
[SourceVersion "1"]
[SourceVersionDate "2021.10.06"]
[SourceQuality "1"]
[WhiteTeam "Domzale SD"]
[BlackTeam "Komenda Pogi"]
[WhiteTeamCountry "SLO"]
[BlackTeamCountry "SLO"]

1. e4 e5 2. Nf3 Nc6 3. Bb5 a6 4. Ba4 Nf6 5. 0-0 Be7 6. Re1 b5 7. Bb3 0-0 8. c3 d5 9. exd5 Nxd5 10. Nxe5 Nxe5 11. Rxe5 c6 12. d4 Bd6 13. Re1 Qh4 14. g3 Qh3 15. Nd2 Bg4 16. f3 Nf4 17. gxf4 Bxf4 18. Re2 Bxd2 19. fxg4 Bxc1 20. Rxc1 Qxg4+ 21. Rg2 Qf4 22. Rf2 Qg5+ 23. Kh1 c5 24. dxc5 Qxc5 25. Qf3 Ra7 26. Re1 Rd7 27. Rfe2 a5 28. Re5 Qb6 29. Re7 1-0

[Event "SLO-chT1 West"]
[Site "Ljubljana"]
[Date "2010.09.25"]
[Round "2.6"]
[White "Nadvesnik, Maja"]
[Black "Rifelj, Luka"]
[Result "1/2-1/2"]
[WhiteElo "1825"]
[BlackElo "1821"]
[PlyCount "70"]
[EventDate "2010.09.24"]
[EventType "team-tourn"]
[EventRounds "9"]
[EventCountry "SLO"]
[SourceTitle "CBM 138 Extra"]
[Source "ChessBase"]
[SourceDate "2010.10.29"]
[SourceVersion "1"]
[SourceVersionDate "2010.10.29"]
[SourceQuality "1"]
[WhiteTeam "Komenda"]
[BlackTeam "Novo Mesto Krka"]
[WhiteTeamCountry "SLO"]
[BlackTeamCountry "SLO"]

1. e4 c5 2. Nf3 d6 3. d4 cxd4 4. Nxd4 Nf6 5. Nc3 a6 6. Bc4 e6 7. Bb3 Be7 8. 0-0 Nc6 9. Kh1 0-0 10. f4 Qc7 11. f5 Nxd4 12. Qxd4 b5 13. fxe6 fxe6 14. Be3 Kh8 15. a4 Bd7 16. axb5 axb5 17. Qb4 Rxa1 18. Rxa1 Ng4 19. Bg1 Qc6 20. h3 Ne5 21. Ra7 Bd8 22. Qd4 h6 23. Ne2 Rf1 24. Kh2 Rxg1 25. Rxd7 Rxg2+ 26. Kxg2 Qxd7 27. Nf4 Qf7 28. Qxd6 Qxf4 29. Qxd8+ Kh7 30. Bxe6 Qxe4+ 31. Kf1 Qf4+ 32. Ke2 Qh2+ 33. Kf1 Qf4+ 34. Ke2 Qh2+ 35. Kf1 Qf4+ 1/2-1/2

[Event "SLO-ch (Women)"]
[Site "Ljubljana"]
[Date "2010.08.11"]
[Round "5"]
[White "Nadvesnik, Maja"]
[Black "Kralj, Manca"]
[Result "1-0"]
[WhiteElo "1826"]
[BlackElo "1791"]
[PlyCount "55"]
[EventDate "2010.08.07"]
[EventType "tourn"]
[EventRounds "9"]
[EventCountry "SLO"]
[SourceTitle "CBM 137 Extra"]
[Source "ChessBase"]
[SourceDate "2010.09.01"]
[SourceVersion "1"]
[SourceVersionDate "2010.09.01"]
[SourceQuality "1"]

1. e4 e5 2. Nf3 Nc6 3. Bb5 a6 4. Ba4 b5 5. Bb3 Bc5 6. 0-0 Nf6 7. c3 Bb7 8. d4 exd4 9. cxd4 Be7 10. e5 Ne4 11. Re1 Ng5 12. Nxg5 Bxg5 13. Qh5 g6 14. Qxg5 Qxg5 15. Bxg5 Nxd4 16. Nc3 0-0 17. Nd5 Bxd5 18. Bxd5 c6 19. Rad1 Nc2 20. Re2 Nb4 21. Bb3 a5 22. Be7 Rfe8 23. Rxd7 a4 24. Bxf7+ Kxf7 25. e6+ Kg8 26. Bxb4 Rad8 27. Rxd8 Rxd8 28. e7 1-0

[Event "SLO-ch (Women)"]
[Site "Ljubljana"]
[Date "2010.08.10"]
[Round "4"]
[White "Urbanc, Suzana"]
[Black "Nadvesnik, Maja"]
[Result "1-0"]
[WhiteElo "1664"]
[BlackElo "1826"]
[PlyCount "31"]
[EventDate "2010.08.07"]
[EventType "tourn"]
[EventRounds "9"]
[EventCountry "SLO"]
[SourceTitle "CBM 137 Extra"]
[Source "ChessBase"]
[SourceDate "2010.09.01"]
[SourceVersion "1"]
[SourceVersionDate "2010.09.01"]
[SourceQuality "1"]

1. e4 e5 2. f4 exf4 3. Nf3 g5 4. Bc4 g4 5. 0-0 gxf3 6. Qxf3 Qf6 7. e5 Qxe5 8. Bxf7+ Ke7 9. d4 Qxd4+ 10. Kh1 Nf6 11. Bb3 Bh6 12. Bd2 d5 13. Re1+ Be6 14. Qh3 Ng4 15. Qxg4 Qf6 16. Bc3 1-0

[Event "SLO-ch (Women)"]
[Site "Ljubljana"]
[Date "2010.08.07"]
[Round "1"]
[White "Nadvesnik, Maja"]
[Black "Novak, Ksenija"]
[Result "0-1"]
[WhiteElo "1826"]
[BlackElo "2200"]
[PlyCount "46"]
[EventDate "2010.08.07"]
[EventType "tourn"]
[EventRounds "9"]
[EventCountry "SLO"]
[SourceTitle "CBM 137 Extra"]
[Source "ChessBase"]
[SourceDate "2010.09.01"]
[SourceVersion "1"]
[SourceVersionDate "2010.09.01"]
[SourceQuality "1"]

1. e4 c5 2. Nf3 e6 3. d4 cxd4 4. Nxd4 Nf6 5. Nc3 Nc6 6. Ndb5 Bb4 7. Nd6+ Ke7 8. Bf4 e5 9. Nf5+ Kf8 10. Bd2 d5 11. exd5 Bxf5 12. dxc6 bxc6 13. Qf3 Bxc2 14. Qxc6 Rc8 15. Qb5 Bc5 16. Be3 Bd4 17. Qb4+ Kg8 18. Nb5 Bxe3 19. fxe3 Ne4 20. Na3 Qf6 21. Nxc2 Qf2+ 22. Kd1 Qxc2+ 23. Ke1 Qf2+ 0-1

[Event "Ljubljana-chT 63rd Superliga"]
[Site "Ljubljana"]
[Date "2010.01.08"]
[Round "1.1"]
[White "Nadvesnik, Maja"]
[Black "Gantar, Jan"]
[Result "0-1"]
[WhiteElo "1836"]
[BlackElo "2077"]
[PlyCount "94"]
[EventDate "2010.01.07"]
[EventType "team-tourn"]
[EventRounds "9"]
[EventCountry "SLO"]
[SourceTitle "EXT 2022"]
[Source "ChessBase"]
[SourceDate "2021.10.06"]
[SourceVersion "1"]
[SourceVersionDate "2021.10.06"]
[SourceQuality "1"]
[WhiteTeam "Komenda Utrdba"]
[BlackTeam "Komenda Popotnik"]
[WhiteTeamCountry "SLO"]
[BlackTeamCountry "SLO"]

1. e4 Nc6 2. Nf3 d6 3. d4 Nf6 4. Nc3 Bg4 5. Bb5 a6 6. Bxc6+ bxc6 7. 0-0 e6 8. h3 Bh5 9. Qd3 Be7 10. e5 Nd5 11. Nxd5 cxd5 12. Bf4 0-0 13. Nh2 Bg6 14. Qe2 Qd7 15. b3 c5 16. exd6 Bxd6 17. Bxd6 Qxd6 18. dxc5 Qxc5 19. Rac1 Qc3 20. Ng4 Rfc8 21. Ne3 a5 22. Nd1 Qd4 23. c3 Qf6 24. c4 a4 25. Ne3 axb3 26. axb3 Qe5 27. cxd5 exd5 28. Rxc8+ Rxc8 29. Qd2 d4 30. Nc4 Qc5 31. Rd1 d3 32. Qa5 Qxa5 33. Nxa5 Rc2 34. Nc4 f6 35. f3 Rc3 36. Nd2 Bf7 37. b4 Rc2 38. Kf2 Rb2 39. Ke3 Rxb4 40. Kxd3 h6 41. Rc1 Ra4 42. g4 Kh7 43. h4 h5 44. Ne4 hxg4 45. fxg4 Bg6 46. Re1 Kg8 47. h5 Bh7 0-1

[Event "SLO-chT U20"]
[Site "Nova Gorica"]
[Date "2009.08.27"]
[Round "9"]
[White "Nadvesnik, Maja"]
[Black "Cmor, Nino"]
[Result "1-0"]
[WhiteElo "1879"]
[BlackElo "1783"]
[PlyCount "53"]
[EventDate "2009.08.22"]
[EventType "team-tourn"]
[EventRounds "9"]
[EventCountry "SLO"]
[SourceTitle "CBM 132 Extra"]
[Source "ChessBase"]
[SourceDate "2009.11.03"]
[SourceVersion "1"]
[SourceVersionDate "2009.11.03"]
[SourceQuality "1"]

1. e4 c5 2. Nf3 d6 3. d4 cxd4 4. Nxd4 Nf6 5. Nc3 a6 6. Bc4 e6 7. Bb3 b5 8. 0-0 Be7 9. f4 Bb7 10. f5 e5 11. Nde2 Nbd7 12. Ng3 0-0 13. Bg5 Rc8 14. Bxf6 Nxf6 15. Nd5 Bxd5 16. Bxd5 Qc7 17. c3 Qc5+ 18. Kh1 h6 19. Nh5 Qe3 20. Rf3 Qg5 21. Nxf6+ Qxf6 22. Rg3 Kh8 23. Qe2 Rb8 24. Rd1 Bd8 25. Rh3 Bb6 26. Qh5 Be3 27. Rxe3 1-0

[Event "SLO-chT U20"]
[Site "Nova Gorica"]
[Date "2009.08.23"]
[Round "3"]
[White "Drnovsek, Nejc"]
[Black "Nadvesnik, Maja"]
[Result "1-0"]
[WhiteElo "2125"]
[BlackElo "1879"]
[PlyCount "87"]
[EventDate "2009.08.22"]
[EventType "team-tourn"]
[EventRounds "9"]
[EventCountry "SLO"]
[SourceTitle "CBM 132 Extra"]
[Source "ChessBase"]
[SourceDate "2009.11.03"]
[SourceVersion "1"]
[SourceVersionDate "2009.11.03"]
[SourceQuality "1"]

1. d4 Nf6 2. c4 c5 3. d5 e6 4. Nc3 exd5 5. cxd5 d6 6. Nf3 g6 7. g3 Bg7 8. Bg2 0-0 9. 0-0 Nbd7 10. Nd2 Qe7 11. h3 b6 12. Re1 Bb7 13. e4 Rfe8 14. e5 Rab8 15. e6 fxe6 16. Rxe6 Qf7 17. Rxe8+ Rxe8 18. Nc4 Qe7 19. Bf4 Ne5 20. Bxe5 dxe5 21. d6 Qd7 22. Qb3 Kh8 23. Qb5 Bxg2 24. Kxg2 Rf8 25. Rd1 Qb7+ 26. Kg1 Nd7 27. Nd2 a6 28. Qc4 b5 29. Qe6 Nf6 30. Qxe5 Qd7 31. Qe7 Qxh3 32. Nf1 Ng4 33. d7 Nxf2 34. Qxf8+ Bxf8 35. d8Q Qf5 36. Qd5 Nxd1 37. Qxf5 gxf5 38. Nxd1 Kg7 39. Nfe3 Kg6 40. Kf2 Bg7 41. Nd5 a5 42. Nc7 Bd4+ 43. Kf3 b4 44. Ne3 1-0

[Event "SLO-chT (Women)"]
[Site "Rogaska Slatina"]
[Date "2009.04.05"]
[Round "9"]
[White "Nadvesnik, Maja"]
[Black "Vospernik, Mira"]
[Result "1/2-1/2"]
[WhiteElo "1863"]
[BlackElo "2059"]
[PlyCount "130"]
[EventDate "2009.03.27"]
[EventType "team-tourn"]
[EventRounds "9"]
[EventCountry "SLO"]
[SourceTitle "CBM 129 Extra"]
[Source "ChessBase"]
[SourceDate "2009.05.05"]
[SourceVersion "2"]
[SourceVersionDate "2009.05.20"]
[SourceQuality "1"]

1. e4 c5 2. Nf3 a6 3. c3 d5 4. exd5 Qxd5 5. d4 e6 6. Be3 cxd4 7. Qxd4 Qxd4 8. Nxd4 Nf6 9. f3 Nd5 10. Bf2 Nf4 11. g3 Ng6 12. Nd2 e5 13. N4b3 Nc6 14. 0-0-0 Be7 15. h4 b5 16. Ne4 Be6 17. Nbc5 0-0 18. Nxe6 fxe6 19. h5 Nh8 20. Bh3 h6 21. Bxe6+ Kh7 22. Bd5 Rac8 23. Nc5 b4 24. Nxa6 bxc3 25. bxc3 Nd4 26. Bxd4 exd4 27. Rxd4 Rxc3+ 28. Kd2 Ra3 29. Nc7 Bf6 30. Rd3 Ra5 31. Ne6 Rb8 32. Bb3 Nf7 33. f4 Ra7 34. Rc1 Rb5 35. Nc7 Rbb7 36. Bxf7 Rxc7 37. Rxc7 Rxc7 38. Bg6+ Kg8 39. Re3 Rc8 40. Re8+ Rxe8 41. Bxe8 Kf8 42. Bb5 Ke7 43. Kd3 Kd6 44. Ke4 Bc3 45. Kf5 Ke7 46. g4 Bd2 47. g5 Kf7 48. Bc4+ Ke7 49. a4 Kf8 50. gxh6 gxh6 51. Ke5 Ke7 52. f5 Bc3+ 53. Kd5 Bb4 54. Ke4 Kf6 55. Bg8 Kg7 56. Bc4 Kf6 57. Bb5 Ke7 58. Kd5 Kf6 59. Kc4 Ba5 60. Bd7 Kg5 61. Kb5 Bd8 62. Be8 Kxf5 63. a5 Bxa5 64. Kxa5 Kf6 65. Kb6 Ke7 1/2-1/2

[Event "SLO-chT (Women)"]
[Site "Rogaska Slatina"]
[Date "2009.03.28"]
[Round "4"]
[White "Nadvesnik, Maja"]
[Black "Topic, Jelena"]
[Result "0-1"]
[WhiteElo "1863"]
[BlackElo "1967"]
[PlyCount "44"]
[EventDate "2009.03.27"]
[EventType "team-tourn"]
[EventRounds "9"]
[EventCountry "SLO"]
[SourceTitle "CBM 129 Extra"]
[Source "ChessBase"]
[SourceDate "2009.05.05"]
[SourceVersion "2"]
[SourceVersionDate "2009.05.20"]
[SourceQuality "1"]

1. e4 c5 2. Nf3 d6 3. d4 cxd4 4. Nxd4 Nf6 5. Nc3 a6 6. Bc4 e6 7. Bb3 Nbd7 8. f4 Nc5 9. f5 Be7 10. 0-0 0-0 11. Qf3 e5 12. Nde2 Nxb3 13. axb3 b5 14. Nxb5 Qb6+ 15. Nbd4 exd4 16. Qd3 Bb7 17. Ng3 Rac8 18. Bg5 Rfe8 19. Bxf6 Bxf6 20. Rf2 Bh4 21. Re2 a5 22. Rd2 Bg5 0-1